Southville International School and Colleges
Your cart is empty.
  • Cart
  • Lists
    Public lists Eva Luna New books Lux_list list_1
    Your lists Log in to create your own lists
  • Log in to your account
  • Your cookies
  • Search history
Southville International School and Colleges
  • Advanced search
  • Recent comments
  • Most popular
  • Libraries

Log in to your account

Log in with GOOGLE


If you do not have an external account, but do have a local account, you can still log in:

  1. Home
  2. MARC view: The Wizard of Oz.
Normal view MARC view ISBD view

The Wizard of Oz. (Record no. 109242)

[ view plain ]
MARC details
000 -LEADER
fixed length control field 00409nam a2200169 a 4500
005 - DATE AND TIME OF LATEST TRANSACTION
control field 20140414093840.0
008 - FIXED-LENGTH DATA ELEMENTS--GENERAL INFORMATION
fixed length control field 071003s19uu xx 00 eng d
050 ## - LIBRARY OF CONGRESS CALL NUMBER
Classification number VCD 791.43
Item number WIZ 1992
245 ## - TITLE STATEMENT
Title The Wizard of Oz.
260 ## - PUBLICATION, DISTRIBUTION, ETC. (IMPRINT)
Place of publication, distribution, etc Sl :
Name of publisher, distributor, etc Warner Brothers.
300 ## - PHYSICAL DESCRIPTION
Extent 2 videodisks
650 ## - SUBJECT ADDED ENTRY--TOPICAL TERM
Topical term or geographic name as entry element Film adaptations.
650 ## - SUBJECT ADDED ENTRY--TOPICAL TERM
Topical term or geographic name as entry element Film.
650 ## - SUBJECT ADDED ENTRY--TOPICAL TERM
Topical term or geographic name as entry element Motion picture.
942 ## - ADDED ENTRY ELEMENTS (KOHA)
Koha item type Audio Visual Materials
Holdings
Withdrawn status Lost status Damaged status Use restrictions Home library Current library Shelving location Date acquired Source of acquisition Total Checkouts Full call number Barcode Date last seen Price effective from Koha item type
        Luxembourg Library Luxembourg Library Audio Visual Material Section 10/03/2007     VCD 791.43 WIZ 1992 AV0874 04/14/2014 04/14/2014 Audio Visual Materials

The Wizard of Oz.

APA

The Wizard of Oz. Sl: Warner Brothers.

Chicago

The Wizard of Oz. Sl: Warner Brothers.

Harvard

The Wizard of Oz. Sl: Warner Brothers.

MLA

Sl: Warner Brothers. .

  • Place hold
  • Print
  • Cite
  • Add to your cart (remove)
  • Save record
    BIBTEX Dublin Core MARCXML MARC (non-Unicode/MARC-8) MARC (Unicode/UTF-8) MARC (Unicode/UTF-8, Standard) MODS (XML) RIS
  • More searches
    Search for this title in:
    Other Libraries (WorldCat) Other Databases (Google Scholar) Online Stores (Bookfinder.com) Open Library (openlibrary.org)

Exporting to Dublin Core...

SOUTHVILLE LIBRARY

Southville International School and Colleges Library

1281 Tropical Ave. Cor. Luxembourg St., BF Homes International, Las Pinas City

Tel. No. 8256374 / 252358 Loc. 117/146

Powered by Koha